| 000 | 00406nam a2200157Ia 4500 | ||
|---|---|---|---|
| 008 | 210716s2003 xx 000 0 und d | ||
| 020 | _a8178085828 | ||
| 041 | _aeng | ||
| 082 | _a658.3 DESG | ||
| 100 | _aDessler, Gary. | ||
| 245 | _aFramework for human resource management. | ||
| 250 | _a2 | ||
| 260 |
_aNew Delhi _bPearson Education _c2003 |
||
| 300 | _axi,320 | ||
| 650 | _aHuman Resource Management | ||
| 999 |
_c197960 _d197960 |
||